<?xml version="1.0" encoding="UTF-8"?>
<collection xmlns="http://www.loc.gov/MARC21/slim">
 <record>
  <leader>05006cam a2201021   4500</leader>
  <controlfield tag="001">02515527X</controlfield>
  <controlfield tag="003">DE-627</controlfield>
  <controlfield tag="005">20230214102354.0</controlfield>
  <controlfield tag="007">tu</controlfield>
  <controlfield tag="008">870507s1987    gw |||||      00| ||ger c</controlfield>
  <datafield tag="016" ind1="7" ind2=" ">
   <subfield code="a">870794094</subfield>
   <subfield code="2">DE-101</subfield>
  </datafield>
  <datafield tag="020" ind1=" " ind2=" ">
   <subfield code="a">3806203318</subfield>
   <subfield code="9">3-8062-0331-8</subfield>
  </datafield>
  <datafield tag="035" ind1=" " ind2=" ">
   <subfield code="a">(DE-627)02515527X</subfield>
  </datafield>
  <datafield tag="035" ind1=" " ind2=" ">
   <subfield code="a">(DE-576)012762679</subfield>
  </datafield>
  <datafield tag="035" ind1=" " ind2=" ">
   <subfield code="a">(DE-599)GBV02515527X</subfield>
  </datafield>
  <datafield tag="035" ind1=" " ind2=" ">
   <subfield code="a">(OCoLC)17732876</subfield>
  </datafield>
  <datafield tag="035" ind1=" " ind2=" ">
   <subfield code="a">(OCoLC)17732876</subfield>
  </datafield>
  <datafield tag="035" ind1=" " ind2=" ">
   <subfield code="a">(OCoLC)230846595</subfield>
  </datafield>
  <datafield tag="035" ind1=" " ind2=" ">
   <subfield code="a">(DE-Rt5)0842758</subfield>
  </datafield>
  <datafield tag="040" ind1=" " ind2=" ">
   <subfield code="a">DE-627</subfield>
   <subfield code="b">ger</subfield>
   <subfield code="c">DE-627</subfield>
   <subfield code="e">rakwb</subfield>
  </datafield>
  <datafield tag="041" ind1=" " ind2=" ">
   <subfield code="a">ger</subfield>
  </datafield>
  <datafield tag="044" ind1=" " ind2=" ">
   <subfield code="c">XA-DE</subfield>
  </datafield>
  <datafield tag="050" ind1=" " ind2="0">
   <subfield code="a">NA5572</subfield>
  </datafield>
  <datafield tag="082" ind1="0" ind2=" ">
   <subfield code="a">726/.5/094346</subfield>
  </datafield>
  <datafield tag="084" ind1=" " ind2=" ">
   <subfield code="a">45</subfield>
   <subfield code="2">sdnb</subfield>
  </datafield>
  <datafield tag="084" ind1=" " ind2=" ">
   <subfield code="a">9,10</subfield>
   <subfield code="2">ssgn</subfield>
  </datafield>
  <datafield tag="084" ind1=" " ind2=" ">
   <subfield code="a">LK 10622</subfield>
   <subfield code="2">rvk</subfield>
   <subfield code="0">(DE-625)rvk/97518:4</subfield>
  </datafield>
  <datafield tag="084" ind1=" " ind2=" ">
   <subfield code="a">ZH 4720</subfield>
   <subfield code="2">rvk</subfield>
   <subfield code="0">(DE-625)rvk/156151:</subfield>
  </datafield>
  <datafield tag="084" ind1=" " ind2=" ">
   <subfield code="a">20.70</subfield>
   <subfield code="2">bkl</subfield>
  </datafield>
  <datafield tag="084" ind1=" " ind2=" ">
   <subfield code="a">15.55</subfield>
   <subfield code="2">bkl</subfield>
  </datafield>
  <datafield tag="100" ind1="1" ind2=" ">
   <subfield code="a">Wischermann, Heinfried</subfield>
   <subfield code="d">1943-</subfield>
   <subfield code="0">(DE-588)122803833</subfield>
   <subfield code="0">(DE-627)082165246</subfield>
   <subfield code="0">(DE-576)163596484</subfield>
   <subfield code="4">aut</subfield>
  </datafield>
  <datafield tag="245" ind1="1" ind2="0">
   <subfield code="a">Romanik in Baden-Württemberg</subfield>
   <subfield code="c">Heinfried Wischermann. Fotos von Joachim Feist ...</subfield>
  </datafield>
  <datafield tag="263" ind1=" " ind2=" ">
   <subfield code="a">geb. : DM 98.00</subfield>
  </datafield>
  <datafield tag="264" ind1=" " ind2="1">
   <subfield code="a">Stuttgart</subfield>
   <subfield code="b">Theiss</subfield>
   <subfield code="c">1987</subfield>
  </datafield>
  <datafield tag="300" ind1=" " ind2=" ">
   <subfield code="a">338 S.</subfield>
   <subfield code="b">zahlr. Ill., Kt.</subfield>
  </datafield>
  <datafield tag="336" ind1=" " ind2=" ">
   <subfield code="a">Text</subfield>
   <subfield code="b">txt</subfield>
   <subfield code="2">rdacontent</subfield>
  </datafield>
  <datafield tag="337" ind1=" " ind2=" ">
   <subfield code="a">ohne Hilfsmittel zu benutzen</subfield>
   <subfield code="b">n</subfield>
   <subfield code="2">rdamedia</subfield>
  </datafield>
  <datafield tag="338" ind1=" " ind2=" ">
   <subfield code="a">Band</subfield>
   <subfield code="b">nc</subfield>
   <subfield code="2">rdacarrier</subfield>
  </datafield>
  <datafield tag="500" ind1=" " ind2=" ">
   <subfield code="a">Literaturangaben. - Literaturverz. S. 331 - 335</subfield>
  </datafield>
  <datafield tag="561" ind1=" " ind2=" ">
   <subfield code="5">DE-1</subfield>
   <subfield code="3">Exemplarsatz-ID: 4143079216, Signatur: 35 ZZ 3886</subfield>
   <subfield code="a">Sammlung: Bibliothek Nelly und Wolfram Naumann ; http://d-nb.info/gnd/1186094494 / Stempel</subfield>
  </datafield>
  <datafield tag="583" ind1="1" ind2=" ">
   <subfield code="a">Archivierung/Langzeitarchivierung gewährleistet</subfield>
   <subfield code="f">PEBW</subfield>
   <subfield code="2">pdager</subfield>
   <subfield code="5">DE-24</subfield>
  </datafield>
  <datafield tag="583" ind1="1" ind2=" ">
   <subfield code="a">Archivierung/Langzeitarchivierung gewährleistet</subfield>
   <subfield code="c">20211220</subfield>
   <subfield code="f">SLG</subfield>
   <subfield code="z">Provenienz</subfield>
   <subfield code="2">pdager</subfield>
   <subfield code="5">DE-25</subfield>
  </datafield>
  <datafield tag="583" ind1="1" ind2=" ">
   <subfield code="a">Archivierung/Langzeitarchivierung gewährleistet</subfield>
   <subfield code="c">20211025</subfield>
   <subfield code="f">SLG</subfield>
   <subfield code="z">Buchnachlass</subfield>
   <subfield code="2">pdager</subfield>
   <subfield code="5">DE-25</subfield>
  </datafield>
  <datafield tag="653" ind1=" " ind2="0">
   <subfield code="a">Church architecture</subfield>
   <subfield code="a">Germany</subfield>
   <subfield code="a">Baden-Württemberg</subfield>
  </datafield>
  <datafield tag="653" ind1=" " ind2="0">
   <subfield code="a">Architecture, Romanesque</subfield>
   <subfield code="a">Germany</subfield>
   <subfield code="a">Baden-Württemberg</subfield>
  </datafield>
  <datafield tag="653" ind1=" " ind2="0">
   <subfield code="a">Church decoration and ornament</subfield>
   <subfield code="a">Germany</subfield>
   <subfield code="a">Baden-Württemberg</subfield>
  </datafield>
  <datafield tag="653" ind1=" " ind2="0">
   <subfield code="a">Baden-Württemberg (Germany)</subfield>
   <subfield code="a">Church history</subfield>
  </datafield>
  <datafield tag="655" ind1=" " ind2="7">
   <subfield code="a">Inventar</subfield>
   <subfield code="0">(DE-588)4027540-1</subfield>
   <subfield code="0">(DE-627)106284274</subfield>
   <subfield code="0">(DE-576)208971270</subfield>
   <subfield code="2">gnd-content</subfield>
  </datafield>
  <datafield tag="689" ind1="0" ind2="0">
   <subfield code="d">s</subfield>
   <subfield code="0">(DE-588)4050482-7</subfield>
   <subfield code="0">(DE-627)106181904</subfield>
   <subfield code="0">(DE-576)209087595</subfield>
   <subfield code="a">Romanik</subfield>
   <subfield code="2">gnd</subfield>
  </datafield>
  <datafield tag="689" ind1="0" ind2="1">
   <subfield code="d">s</subfield>
   <subfield code="0">(DE-588)4004973-5</subfield>
   <subfield code="0">(DE-627)10638354X</subfield>
   <subfield code="0">(DE-576)208858563</subfield>
   <subfield code="a">Baudenkmal</subfield>
   <subfield code="2">gnd</subfield>
  </datafield>
  <datafield tag="689" ind1="0" ind2="2">
   <subfield code="d">g</subfield>
   <subfield code="0">(DE-588)4004176-1</subfield>
   <subfield code="0">(DE-627)106387154</subfield>
   <subfield code="0">(DE-576)208854444</subfield>
   <subfield code="a">Baden-Württemberg</subfield>
   <subfield code="2">gnd</subfield>
  </datafield>
  <datafield tag="689" ind1="0" ind2=" ">
   <subfield code="5">DE-101</subfield>
  </datafield>
  <datafield tag="689" ind1="1" ind2="0">
   <subfield code="d">g</subfield>
   <subfield code="0">(DE-588)4004176-1</subfield>
   <subfield code="0">(DE-627)106387154</subfield>
   <subfield code="0">(DE-576)208854444</subfield>
   <subfield code="a">Baden-Württemberg</subfield>
   <subfield code="2">gnd</subfield>
  </datafield>
  <datafield tag="689" ind1="1" ind2="1">
   <subfield code="d">s</subfield>
   <subfield code="0">(DE-588)4004973-5</subfield>
   <subfield code="0">(DE-627)10638354X</subfield>
   <subfield code="0">(DE-576)208858563</subfield>
   <subfield code="a">Baudenkmal</subfield>
   <subfield code="2">gnd</subfield>
  </datafield>
  <datafield tag="689" ind1="1" ind2="2">
   <subfield code="a">z</subfield>
   <subfield code="2">gnd</subfield>
   <subfield code="a">Geschichte 1000-1250</subfield>
  </datafield>
  <datafield tag="689" ind1="1" ind2=" ">
   <subfield code="5">DE-101</subfield>
  </datafield>
  <datafield tag="689" ind1="2" ind2="0">
   <subfield code="d">s</subfield>
   <subfield code="0">(DE-588)4050482-7</subfield>
   <subfield code="0">(DE-627)106181904</subfield>
   <subfield code="0">(DE-576)209087595</subfield>
   <subfield code="a">Romanik</subfield>
   <subfield code="2">gnd</subfield>
  </datafield>
  <datafield tag="689" ind1="2" ind2="1">
   <subfield code="d">s</subfield>
   <subfield code="0">(DE-588)4004973-5</subfield>
   <subfield code="0">(DE-627)10638354X</subfield>
   <subfield code="0">(DE-576)208858563</subfield>
   <subfield code="a">Baudenkmal</subfield>
   <subfield code="2">gnd</subfield>
  </datafield>
  <datafield tag="689" ind1="2" ind2="2">
   <subfield code="d">g</subfield>
   <subfield code="0">(DE-588)4004176-1</subfield>
   <subfield code="0">(DE-627)106387154</subfield>
   <subfield code="0">(DE-576)208854444</subfield>
   <subfield code="a">Baden-Württemberg</subfield>
   <subfield code="2">gnd</subfield>
  </datafield>
  <datafield tag="689" ind1="2" ind2=" ">
   <subfield code="5">(DE-627)</subfield>
  </datafield>
  <datafield tag="689" ind1="3" ind2="0">
   <subfield code="d">g</subfield>
   <subfield code="0">(DE-588)4004176-1</subfield>
   <subfield code="0">(DE-627)106387154</subfield>
   <subfield code="0">(DE-576)208854444</subfield>
   <subfield code="a">Baden-Württemberg</subfield>
   <subfield code="2">gnd</subfield>
  </datafield>
  <datafield tag="689" ind1="3" ind2="1">
   <subfield code="d">s</subfield>
   <subfield code="0">(DE-588)4004973-5</subfield>
   <subfield code="0">(DE-627)10638354X</subfield>
   <subfield code="0">(DE-576)208858563</subfield>
   <subfield code="a">Baudenkmal</subfield>
   <subfield code="2">gnd</subfield>
  </datafield>
  <datafield tag="689" ind1="3" ind2="2">
   <subfield code="a">z</subfield>
   <subfield code="2">gnd</subfield>
   <subfield code="a">Geschichte 1000-1250</subfield>
  </datafield>
  <datafield tag="689" ind1="3" ind2=" ">
   <subfield code="5">(DE-627)</subfield>
  </datafield>
  <datafield tag="700" ind1="1" ind2=" ">
   <subfield code="a">Feist, Joachim</subfield>
   <subfield code="d">1940-2019</subfield>
   <subfield code="e">Mitarb.</subfield>
   <subfield code="0">(DE-588)139344349</subfield>
   <subfield code="0">(DE-627)610247069</subfield>
   <subfield code="0">(DE-576)160922046</subfield>
   <subfield code="4">oth</subfield>
  </datafield>
  <datafield tag="776" ind1="0" ind2="8">
   <subfield code="i">Elektronische Reproduktion</subfield>
   <subfield code="a">Wischermann, Heinfried, 1943 - </subfield>
   <subfield code="t">Romanik in Baden-Württemberg</subfield>
   <subfield code="d">Stuttgart : Konrad Theiss Verlag, 1987</subfield>
   <subfield code="h">338 Seiten</subfield>
   <subfield code="w">(DE-627)1835084117</subfield>
  </datafield>
  <datafield tag="787" ind1="0" ind2="8">
   <subfield code="i">Rezension</subfield>
   <subfield code="a">Strobel, Richard, 1936 - </subfield>
   <subfield code="t">Heinfried Wischermann, Romanik in Baden-Württemberg / Thomas Ludwig, Das Romanische Haus in Seligenstadt</subfield>
   <subfield code="d">1989</subfield>
   <subfield code="w">(DE-627)1475468822</subfield>
   <subfield code="w">(DE-576)405468822</subfield>
  </datafield>
  <datafield tag="856" ind1="4" ind2="2">
   <subfield code="u">https://swbplus.bsz-bw.de/bsz012762679inh.htm</subfield>
   <subfield code="m">B:DE-576;DE-16</subfield>
   <subfield code="q">application/pdf</subfield>
   <subfield code="v">20100427105811</subfield>
   <subfield code="x">Verlag</subfield>
   <subfield code="3">Inhaltsverzeichnis</subfield>
  </datafield>
  <datafield tag="935" ind1=" " ind2=" ">
   <subfield code="i">Blocktest</subfield>
  </datafield>
  <datafield tag="936" ind1="r" ind2="v">
   <subfield code="a">LK 10622</subfield>
   <subfield code="b">romanisch</subfield>
   <subfield code="k">Kunst nach Ländern bzw. Kontinenten</subfield>
   <subfield code="k">Deutschland</subfield>
   <subfield code="k">Deutsche Kunstgeschichte nach Ländern und Landschaften</subfield>
   <subfield code="k">Länder (Verwaltungseinheiten)</subfield>
   <subfield code="k">Baden-Württemberg</subfield>
   <subfield code="k">romanisch</subfield>
   <subfield code="0">(DE-627)127186763X</subfield>
   <subfield code="0">(DE-625)rvk/97518:4</subfield>
   <subfield code="0">(DE-576)20186763X</subfield>
  </datafield>
  <datafield tag="936" ind1="r" ind2="v">
   <subfield code="a">ZH 4720</subfield>
   <subfield code="b">Mittelalter</subfield>
   <subfield code="k">Architektur</subfield>
   <subfield code="k">Baugeschichte</subfield>
   <subfield code="k">Mittelalter</subfield>
   <subfield code="0">(DE-627)1271526603</subfield>
   <subfield code="0">(DE-625)rvk/156151:</subfield>
   <subfield code="0">(DE-576)201526603</subfield>
  </datafield>
  <datafield tag="936" ind1="b" ind2="k">
   <subfield code="a">20.70</subfield>
   <subfield code="j">Europäische Kunst: Allgemeines</subfield>
   <subfield code="0">(DE-627)106406566</subfield>
  </datafield>
  <datafield tag="936" ind1="b" ind2="k">
   <subfield code="a">15.55</subfield>
   <subfield code="j">Baden-Württemberg</subfield>
   <subfield code="x">Geschichte</subfield>
   <subfield code="0">(DE-627)181571617</subfield>
  </datafield>
  <datafield tag="951" ind1=" " ind2=" ">
   <subfield code="a">BO</subfield>
  </datafield>
  <datafield tag="990" ind1=" " ind2=" ">
   <subfield code="a">Romanik</subfield>
  </datafield>
  <datafield tag="990" ind1=" " ind2=" ">
   <subfield code="a">Baudenkmal</subfield>
  </datafield>
  <datafield tag="990" ind1=" " ind2=" ">
   <subfield code="a">Baden-Württemberg</subfield>
  </datafield>
  <datafield tag="990" ind1=" " ind2=" ">
   <subfield code="a">Baden-Württemberg</subfield>
  </datafield>
  <datafield tag="990" ind1=" " ind2=" ">
   <subfield code="a">Baudenkmal</subfield>
  </datafield>
  <datafield tag="990" ind1=" " ind2=" ">
   <subfield code="a">Geschichte 1000-1250</subfield>
  </datafield>
  <datafield tag="990" ind1=" " ind2=" ">
   <subfield code="a">Romanik</subfield>
  </datafield>
  <datafield tag="990" ind1=" " ind2=" ">
   <subfield code="a">Baudenkmal</subfield>
  </datafield>
  <datafield tag="990" ind1=" " ind2=" ">
   <subfield code="a">Baden-Württemberg</subfield>
  </datafield>
  <datafield tag="990" ind1=" " ind2=" ">
   <subfield code="a">Baden-Württemberg</subfield>
  </datafield>
  <datafield tag="990" ind1=" " ind2=" ">
   <subfield code="a">Baudenkmal</subfield>
  </datafield>
  <datafield tag="990" ind1=" " ind2=" ">
   <subfield code="a">Geschichte 1000-1250</subfield>
  </datafield>
  <datafield tag="991" ind1=" " ind2=" ">
   <subfield code="a">Rezensiertes Werk</subfield>
  </datafield>
  <datafield tag="999" ind1=" " ind2=" ">
   <subfield code="a">KXP-PPN02515527X</subfield>
   <subfield code="e">4193665941</subfield>
  </datafield>
 </record>
</collection>
